[Event "AUTO-OPEN-853"]
[Site "http://www.queenalice.com/game.php?id=281039"]
[Date "2007.10.4"]
[Round "1"]
[White "tupifc"]
[Black "broccolis"]
[Result "1-0"]
[WhiteElo "1755"]
[BlackElo "1287"]

1. e4 h5 2. d4 a5 3. Nf3 e6 4. e5 Bb4+ 5. c3 Be7 6. a4 f6 7. g3 Nh6 8. exf6 gxf6
9. Nh4 d5 10. Qxh5+ Kd7 11. Qg6 Qg8 12. Bxh6 Qxg6 13. Nxg6 1-0

[Event "AUTO-OPEN-853"]
[Site "http://www.queenalice.com/game.php?id=281040"]
[Date "2007.10.4"]
[Round "1"]
[White "broccolis"]
[Black "tupifc"]
[Result "0-1"]
[WhiteElo "1287"]
[BlackElo "1757"]

1. h4 e5 2. a3 Bc5 3. e3 d6 4. d4 exd4 5. Qe2 Nf6 6. exd4+ Be6 7. dxc5 dxc5 8.
Qd2 Qxd2+ 9. Bxd2 O-O 10. Rh2 Nc6 11. Nc3 Ng4 12. Ne4 Nxh2 13. Bb5 Nd4 0-1

[Event "AUTO-OPEN-853"]
[Site "http://www.queenalice.com/game.php?id=281057"]
[Date "2007.10.4"]
[Round "1"]
[White "Rusty"]
[Black "broccolis"]
[Result "1-0"]
[WhiteElo "2394"]
[BlackElo "1287"]

1. d4 h6 2. c4 a5 3. Nc3 e6 4. e4 Nf6 5. e5 Nh7 6. Bd3 f6 7. Qh5+ Ke7 8. Nh3 Qe8
9. Bg6 Qd8 10. Nd5+ exd5 11. exf6+ gxf6 12. Qxd5 c6 13. Qf7+ Kd6 14. Bf4# 1-0

[Event "AUTO-OPEN-853"]
[Site "http://www.queenalice.com/game.php?id=281058"]
[Date "2007.10.4"]
[Round "1"]
[White "broccolis"]
[Black "Rusty"]
[Result "0-1"]
[WhiteElo "1289"]
[BlackElo "2378"]

1. h4 d5 2. Nc3 e5 3. d4 e4 4. Bg5 f6 5. Bf4 Bb4 6. a3 Bxc3+ 7. bxc3 Ne7 8. f3
Nd7 9. fxe4 dxe4 10. d5 Ne5 0-1